Tobacco in the United States : (Record no. 11784)

MARC details
000 -LEADER
fixed length control field 01183cam a22003131a 4500
001 - CONTROL NUMBER
control field agr61000385
003 - CONTROL NUMBER IDENTIFIER
control field DLC
005 - DATE AND TIME OF LATEST TRANSACTION
control field 20260227111021.0
008 - FIXED-LENGTH DATA ELEMENTS--GENERAL INFORMATION
fixed length control field 860507s1961 dcuab b f000 0 eng c
010 ## - LIBRARY OF CONGRESS CONTROL NUMBER
LC control number agr61000385
035 ## - SYSTEM CONTROL NUMBER
System control number (OCoLC)13542216
040 ## - CATALOGING SOURCE
Original cataloging agency U.S. Dept. of Agr. Libr.
Transcribing agency KyU
Modifying agency KyU
-- DNAL
-- DLC
042 ## - AUTHENTICATION CODE
Authentication code premarc
043 ## - GEOGRAPHIC AREA CODE
Geographic area code n-us---
050 00 - LIBRARY OF CONGRESS CALL NUMBER
Classification number S21
Item number .A46 no. 867
070 0# - NATIONAL AGRICULTURAL LIBRARY CALL NUMBER
Classification number 1
Item number Ag84M no.867
072 0# - SUBJECT CATEGORY CODE
Subject category code F120
-- E700
100 1# - MAIN ENTRY--PERSONAL NAME
Personal name Doub, Albert,
Dates associated with a name 1917-
245 10 - TITLE STATEMENT
Title Tobacco in the United States :
Remainder of title production, marketing, manufacturing, exports /
Statement of responsibility, etc. [prepared and arranged by Albert Doub, Jr., and Alice Wolfe].
260 ## - PUBLICATION, DISTRIBUTION, ETC.
Place of publication, distribution, etc. Washington, D.C. :
Name of publisher, distributor, etc. U.S. Dept. of Agriculture, Agricultural Marketing Service,
Date of publication, distribution, etc. [1961].
300 ## - PHYSICAL DESCRIPTION
Extent 62 p. :
Other physical details ill., maps ;
Dimensions 26 cm.
490 1# - SERIES STATEMENT
Series statement Miscellaneous publication / United States Department of Agriculture ;
Volume/sequential designation no. 867
500 ## - GENERAL NOTE
General note Cover title.
504 ## - BIBLIOGRAPHY, ETC. NOTE
Bibliography, etc. note Bibliography: p. 60-62.
650 #0 - SUBJECT ADDED ENTRY--TOPICAL TERM
Topical term or geographic name entry element Tobacco
Geographic subdivision United States.
650 #0 - SUBJECT ADDED ENTRY--TOPICAL TERM
Topical term or geographic name entry element Tobacco industry
Geographic subdivision United States.
700 1# - ADDED ENTRY--PERSONAL NAME
Personal name Wolfe, Alice Mildred,
Dates associated with a name 1903-
830 #0 - SERIES ADDED ENTRY--UNIFORM TITLE
Uniform title Miscellaneous publication (United States. Department of Agriculture) ;
Volume/sequential designation no. 867.

No items available.

Powered by Koha